[Event "Czechia KP-chTB 0607"]
[Site "Czech Republic"]
[Date "2006.12.10"]
[Round "4.8"]
[White "Buril, Petr"]
[Black "Krenek, Pavel"]
[Result "0-1"]
[WhiteElo "2057"]
[BlackElo "1725"]
[PlyCount "102"]
[EventDate "2006.10.29"]
[EventType "team"]
[EventRounds "11"]
[EventCountry "CZE"]
[SourceTitle "EXT 2008"]
[Source "ChessBase"]
[SourceDate "2007.11.25"]
[SourceVersion "1"]
[SourceVersionDate "2007.11.25"]
[SourceQuality "1"]
[WhiteTeam "Ricany II"]
[BlackTeam "Sendrazice"]
[WhiteTeamCountry "CZE"]
[BlackTeamCountry "CZE"]

1. f4 e5 2. fxe5 d6 3. exd6 Bxd6 4. Nf3 Nf6 5. d4 0-0 6. Bg5 h6 7. Bxf6 Qxf6 8. g3 Re8 9. Bg2 Qe7 10. a3 c5 11. d5 b5 12. Qd2 Nd7 13. 0-0 Nb6 14. b3 Bb7 15. Nh4 Qxe2 16. Rd1 Rad8 17. c3 c4 18. b4 Qxd2 19. Rxd2 Be5 20. Raa2 Bxd5 21. Nf3 Bf6 22. Kf2 Na4 23. Nd4 Bxg2 24. Kxg2 Re1 25. Nc6 Rxd2+ 26. Nxd2 Nxc3 27. Rc2 Re2+ 28. Kf1 Rxh2 29. Kg1 Re2 30. Kf1 Re6 31. Nxa7 Ra6 32. Nc8 Rxa3 33. Nd6 Ra2 34. Rxa2 Nxa2 35. Nxb5 c3 36. Nb3 c2 37. Na3 c1Q+ 38. Nxc1 Nxc1 39. b5 Be5 40. g4 Nb3 41. Nc4 Bb8 42. b6 Nc5 43. Ke2 Nd7 44. Kd2 Ne5 45. Na5 Nxg4 46. Nc6 Bf4+ 47. Ke2 Ne5 48. Ne7+ Kf8 49. b7 Nd7 50. Nd5 Bd6 51. Ne3 Ne5 0-1

[Event "Czechia KP-chTB 0607"]
[Site "Czech Republic"]
[Date "2006.11.26"]
[Round "3.5"]
[White "Stolba, Milos"]
[Black "Krenek, Pavel"]
[Result "1-0"]
[WhiteElo "2097"]
[BlackElo "1725"]
[PlyCount "79"]
[EventDate "2006.10.29"]
[EventType "team"]
[EventRounds "11"]
[EventCountry "CZE"]
[SourceTitle "EXT 2008"]
[Source "ChessBase"]
[SourceDate "2007.11.25"]
[SourceVersion "1"]
[SourceVersionDate "2007.11.25"]
[SourceQuality "1"]
[WhiteTeam "Kutna Hora"]
[BlackTeam "Sendrazice"]
[WhiteTeamCountry "CZE"]
[BlackTeamCountry "CZE"]

1. d4 Nf6 2. Nf3 e6 3. c4 d5 4. Nc3 c5 5. cxd5 Nxd5 6. e4 Nxc3 7. bxc3 Be7 8. Qa4+ Bd7 9. Bb5 0-0 10. Rb1 Qc7 11. 0-0 a6 12. Bxd7 Nxd7 13. Bf4 Qc8 14. Qb3 b5 15. a4 c4 16. Qc2 Qc6 17. Rfd1 Nb6 18. axb5 axb5 19. Ne5 Qe8 20. d5 exd5 21. exd5 Bf6 22. Ng4 Qd7 23. Nxf6+ gxf6 24. Qe4 Rfe8 25. Qd4 Nxd5 26. h3 Qf5 27. Rxb5 Qxf4 28. Rxd5 Re4 29. Qd2 Qxd2 30. R5xd2 Ra3 31. Rc2 Re6 32. Rd8+ Kg7 33. Rc8 Ra4 34. Kh2 f5 35. Kg3 Kf6 36. f3 Kg5 37. h4+ Kh5 38. Kf4 Kxh4 39. Rc1 Kh5 40. Rg8 1-0

[Event "Czechia KP-chTB 0607"]
[Site "Czech Republic"]
[Date "2006.10.29"]
[Round "1.6"]
[White "Daniel, Jiri1111"]
[Black "Krenek, Pavel"]
[Result "0-1"]
[WhiteElo "1761"]
[BlackElo "1725"]
[PlyCount "126"]
[EventDate "2006.10.29"]
[EventType "team"]
[EventRounds "11"]
[EventCountry "CZE"]
[SourceTitle "EXT 2008"]
[Source "ChessBase"]
[SourceDate "2007.11.25"]
[SourceVersion "1"]
[SourceVersionDate "2007.11.25"]
[SourceQuality "1"]
[WhiteTeam "Lysa nad Labem"]
[BlackTeam "Sendrazice"]
[WhiteTeamCountry "CZE"]
[BlackTeamCountry "CZE"]

1. e4 c5 2. Nf3 Nc6 3. d4 cxd4 4. Nxd4 e5 5. Nb5 d6 6. Be3 a6 7. N5c3 Nf6 8. Nd5 Nxd5 9. exd5 Nb8 10. c4 Bf5 11. Nc3 Be7 12. Bd3 Bxd3 13. Qxd3 0-0 14. 0-0 f5 15. f4 Nd7 16. fxe5 Nxe5 17. Qe2 Ng4 18. Rae1 Bh4 19. g3 Bf6 20. Rxf5 Bxc3 21. Rxf8+ Qxf8 22. bxc3 Ne5 23. Bf4 Re8 24. Bxe5 Rxe5 25. Qd2 Qf5 26. Rxe5 Qxe5 27. c5 Kf7 28. cxd6 Qxd6 29. Qf4+ Ke7 30. Qe4+ Kd7 31. Qd4 Qf6 32. Qb4 b5 33. Qc5 Qd6 34. Qa7+ Qc7 35. Qd4 Kd8 36. Kf2 Qa5 37. Qd2 Kd7 38. Qc2 g6 39. Kg2 Kd6 40. c4 bxc4 41. Qxc4 Qxd5+ 42. Qxd5+ Kxd5 43. Kf3 Kc4 44. Kg4 Kc3 45. Kg5 Kb2 46. Kh6 Kxa2 47. Kxh7 Kb3 48. Kxg6 a5 49. Kh7 a4 50. g4 a3 51. g5 a2 52. g6 a1Q 53. g7 Qa7 54. h4 Qf7 55. Kh8 Qh5+ 56. Kg8 Qxh4 57. Kf7 Qh7 58. Kf8 Qf5+ 59. Ke7 Qg6 60. Kf8 Qf6+ 61. Kg8 Kb4 62. Kh7 Qf7 63. Kh8 Qh5+ 0-1